| 000 | 00000nam##2200000za#4500 |
| 001 | 9.577552 |
| 003 | CaOODSP |
| 005 | 20210624185651 |
| 007 | cr ||||||||||| |
| 008 | 150406|1981||||xxc|||||o f|0| 0 eng|d |
| 022 | |a1488-5379 |
| 040 | |aCaOODSP|beng |
| 043 | |an-cn--- |
| 086 | 1 |aFs97-6/968E-PDF |
| 110 | 1 |aCanada. |bDepartment of Fisheries and Oceans. |
| 245 | 13|aAn assessment of feasibility of using high-calcium quicklime as an experimental tool for research into kelp bed/sea urchin ecosystems in Nova Scotia / |h[electronic resource]|cby B.B. Bernstein and R.W. Welsford. |
| 260 | |aDartmouth - Nova Scotia : |bFisheries and Oceans Canada |c1981. |
| 300 | |a63p. |
| 490 | 1 |aCanadian technical report of fisheries and aquatic sciences|x1488-5379|vNo. 968 |
| 500 | |aOn t.p.: Issued under contract ... Resource Branch, Dartmouth, N.S. The catalogue number and ISSN for the print edition appear in the PDF version. |
| 546 | |a(Résumé en français) |
| 590 | |a13-24-Supp|b2013-10-18 |
| 720 | 1 |aBernstein, B. B. |
| 720 | 1 |aWelsford, R. W. |
| 830 | #0|aCanadian technical report of fisheries and aquatic sciences,|x1488-5379|vNo. 968|w(CaOODSP)9.504449 |
| 856 | 40|ahttp://publications.gc.ca|qPDF|s3647 KB|uhttps://publications.gc.ca/collections/collection_2013/mpo-dfo/Fs97-6-968-eng.pdf|yNo. 968 |